| 000 | 01178cam a22001934a 4500 | ||
|---|---|---|---|
| 005 | 20250605164025.0 | ||
| 008 | 250528s ||||||||||||||||||||||||d | ||
| 035 | _a16494 | ||
| 020 | _a1154 | ||
| 040 |
_aGR-AtMCL _bgre _dGR-AtMCL _eAACR2 |
||
| 245 | 1 | _aΜαθήματα Ανάλυσης Παλινδρόμησης | |
| 260 |
_bΣταμούλης Α, _c1991 |
||
| 300 | _a240 | ||
| 520 | _aΕισαγωγή, Το Διμετάβλητο Κλασσικό Γραμμικό Υπόδειγμα, Ευθεία Παλινδρομήσεως, Το Κλασσικό Γραμμικό Υπόδειγμα, Το Κανονικό Κλασσικό Γραμμικό Υπόδειγμα, Έλεγχος της Καλής Προσαρμογής του Υποδείγματος, Το Πολυμεταβλητό Γραμμικό Υπόδειγμα, Χρήσεις Αποκλίσεων στο Γραμμικό Υπόδειγμα, Μια Γενίκευση του Κλασσικού Γραμμικου Υποδείγματος, Γενικότεροι Έλεγχοι Υποθέσεων. | ||
| 700 | 1 |
_aΚαφφες Δημητριος Φ _92586 |
|
| 942 | _cBK | ||
| 999 |
_c1988 _d1988 |
||